000
00284nam a2200121Ia 4500
008
191201s2015 xx 000 0 und d
100
_a
MAHESHWARI,S.N
245
0
_a
Introduction to Accountancy
260
_a
N. Delhi
_b
Vikas
_c
2015
300
_a
MISC
650
_a
BBA
942
_2
ddc
_c
BK
999
_c
6209
_d
6209